[Event "Monarch Assurance Isle of Man 4th"]
[Site "Port Erin IOM"]
[Date "1995.10.10"]
[Round "4"]
[White "Bellin, Jana"]
[Black "Connolly, Suzanne"]
[Result "1-0"]
[WhiteElo "2210"]
[BlackElo "2030"]
[PlyCount "120"]
[EventDate "1995.10.07"]
[EventType "swiss"]
[EventRounds "9"]
[EventCountry "IOM"]
[SourceTitle "BritBase"]

1. d4 d5 2. c4 e6 3. Nc3 Nf6 4. cxd5 exd5 5. Bg5 c6 6. Qc2 Nbd7 7. e3 Bd6 8.
Bd3 h6 9. Bh4 O-O 10. Nf3 Re8 11. O-O-O Qa5 12. Nd2 b5 13. Kb1 b4 14. Ne2 Qb6
15. Rc1 Bb7 16. g4 Rac8 17. Bf5 Rc7 18. Bg3 c5 19. Bxd7 Nxd7 20. dxc5 Rxc5 21.
Qf5 Rxc1+ 22. Rxc1 Ne5 23. Nd4 Ba6 24. Bxe5 Bxe5 25. N2f3 Bf6 26. h4 g6 27.
Qxd5 Bd3+ 28. Ka1 Be4 29. Qc4 Qb7 30. g5 hxg5 31. hxg5 Bg7 32. Nd2 Bd5 33. Qc5
Bf8 34. Qb5 Qa8 35. Ne2 Rb8 36. Qa5 Be6 37. Nf4 Bf5 38. Qe5 Bg7 39. Qd6 Rc8 40.
Nb3 Rxc1+ 41. Nxc1 Qc8 42. Qd2 Be4 43. Nce2 a5 44. Ng3 Bb7 45. Kb1 Qc5 46. Qd8+
Kh7 47. Qd7 Qe5 48. Nd3 Be4 49. Nxe4 Qxe4 50. Qb5 Qh1+ 51. Kc2 Qf1 52. Qd5 Qe2+
53. Kb3 Qd1+ 54. Kc4 Qe2 55. Kb5 Kg8 56. Kxa5 Bxb2 57. Kxb4 Qd2+ 58. Kb5 Qe2
59. a4 Qf1 60. a5 Bg7 1-0

[Event "Monarch Assurance Isle of Man 4th"]
[Site "Port Erin IOM"]
[Date "1995.10.10"]
[Round "4"]
[White "Churm, Rohan"]
[Black "Ryan, Joseph"]
[Result "0-1"]
[WhiteElo "2115"]
[BlackElo "2210"]
[PlyCount "96"]
[EventDate "1995.10.07"]
[EventType "swiss"]
[EventRounds "9"]
[EventCountry "IOM"]
[SourceTitle "BritBase"]

1. e4 d5 2. exd5 Nf6 3. c4 e6 4. dxe6 Bxe6 5. Nf3 Qe7 6. Qe2 Nc6 7. d4 Bg4 8.
Be3 O-O-O 9. Nbd2 Nb4 10. Rc1 Bf5 11. Ne5 Nc2+ 12. Rxc2 Bxc2 13. a3 Nd7 14.
Ndf3 Nxe5 15. Nxe5 Ba4 16. g3 c5 17. Bh3+ Kb8 18. d5 Ka8 19. Nd3 Qe4 20. O-O
Qxc4 21. Bg2 Bc2 22. Nf4 Qxe2 23. Nxe2 Bd3 24. Re1 Bxe2 25. Rxe2 Bd6 26. Rc2
Rc8 27. f4 Rhe8 28. Bd2 Rc7 29. Bc3 f5 30. Bf3 Kb8 31. Kf2 g6 32. Re2 Rxe2+ 33.
Bxe2 Re7 34. Bf6 Rf7 35. Bc3 a6 36. a4 Re7 37. Bd3 Ka7 38. Bf6 Re8 39. h4 Kb6
40. Bc3 Kc7 41. Ba5+ Kd7 42. Bc3 Rb8 43. a5 Re8 44. Bc2 Ke7 45. Kf3 c4 46. Ba4
Rc8 47. Bd4 Bb4 48. Be5 Rd8 0-1

[Event "Monarch Assurance Isle of Man 4th"]
[Site "Port Erin IOM"]
[Date "1995.10.10"]
[Round "4"]
[White "Coull, Alison"]
[Black "Buckley, Graeme"]
[Result "0-1"]
[WhiteElo "2115"]
[BlackElo "2355"]
[PlyCount "76"]
[EventDate "1995.10.07"]
[EventType "swiss"]
[EventRounds "9"]
[EventCountry "IOM"]
[SourceTitle "BritBase"]

1. e4 c5 2. c3 d6 3. Nf3 Nf6 4. Be2 Nbd7 5. d3 c4 6. d4 Nxe4 7. Bxc4 e6 8. O-O
Be7 9. Nbd2 Nxd2 10. Bxd2 O-O 11. Re1 Nf6 12. Bg5 Bd7 13. Bb3 b5 14. Qd3 Qb6
15. Bc2 g6 16. Nd2 Bc6 17. Qh3 Qb7 18. Qh4 Nd5 19. Ne4 f6 20. Bd2 e5 21. f4
exd4 22. cxd4 f5 23. Ng5 Bf6 24. Qf2 Rae8 25. Bb3 Qb6 26. Nf3 Re4 27. Be3 Kg7
28. Bxd5 Bxd5 29. Qd2 Re7 30. Ng5 h6 31. Nh3 Rfe8 32. Bf2 Qb7 33. Rxe7+ Rxe7
34. Bg3 Re4 35. Bf2 Qe7 36. Rd1 Re2 37. Qc3 Qe4 38. Qg3 Rxb2 0-1

[Event "Monarch Assurance Isle of Man 4th"]
[Site "Port Erin IOM"]
[Date "1995.10.10"]
[Round "4"]
[White "Ellison, Derek George"]
[Black "Nicholson, John"]
[Result "0-1"]
[WhiteElo "2140"]
[BlackElo "2065"]
[PlyCount "72"]
[EventDate "1995.10.07"]
[EventType "swiss"]
[EventRounds "9"]
[EventCountry "IOM"]
[SourceTitle "BritBase"]

1. e4 c5 2. c3 b6 3. d4 Bb7 4. Bd3 d6 5. Nf3 Nd7 6. O-O e6 7. Bf4 Be7 8. e5
dxe5 9. dxe5 g5 10. Bg3 h5 11. h3 Nh6 12. Qe2 h4 13. Bh2 g4 14. hxg4 Nxg4 15.
Be4 Qc7 16. Nbd2 h3 17. Bg3 O-O-O 18. Bxb7+ Qxb7 19. Qe4 Rdg8 20. Qxb7+ Kxb7
21. Rfe1 Rh5 22. Nc4 Kc6 23. gxh3 Rxh3 24. Kf1 Nxf2 25. Bxf2 Rxf3 26. Re4 Rh8
27. Ke2 Rf5 28. Bg3 Rh3 29. Bf4 Rh4 30. Rf1 Bg5 31. Ke3 Rfxf4 32. Rfxf4 b5 33.
Nd2 Nxe5 34. b3 Rxf4 35. Rxe5 Rf5+ 36. Ke4 Rxe5+ 0-1

[Event "Monarch Assurance Isle of Man 4th"]
[Site "Port Erin IOM"]
[Date "1995.10.10"]
[Round "4"]
[White "Engqvist, Thomas"]
[Black "Lalic, Bogdan"]
[Result "0-1"]
[WhiteElo "2405"]
[BlackElo "2590"]
[PlyCount "78"]
[EventDate "1995.10.07"]
[EventType "swiss"]
[EventRounds "9"]
[EventCountry "IOM"]
[SourceTitle "BritBase"]

1. d4 Nf6 2. Nf3 e6 3. c4 d5 4. Nc3 Bb4 5. Qb3 c5 6. dxc5 Nc6 7. e3 O-O 8. Be2
dxc4 9. Qxc4 Qe7 10. Nd4 Nd5 11. Nxc6 bxc6 12. e4 Nxc3 13. bxc3 Bxc5 14. O-O e5
15. Qa4 Rb8 16. Bc4 Kh8 17. Qc2 f5 18. exf5 Bxf5 19. Qe2 Qh4 20. g3 Qh3 21. Be3
Rb2 22. Bxc5 Rxe2 23. Bxe2 Rf7 24. Rad1 h5 25. f3 Kh7 26. Rf2 Bg6 27. Bc4 Rd7
28. Rfd2 Rxd2 29. Rxd2 Qf5 30. Be2 e4 31. Bxa7 exf3 32. Bf1 c5 33. Rf2 Qe5 34.
Bb6 Qxc3 35. a4 Be4 36. a5 Qb4 37. Bc7 c4 38. a6 Qa4 39. a7 Qxa7 0-1

[Event "Monarch Assurance Isle of Man 4th"]
[Site "Port Erin IOM"]
[Date "1995.10.10"]
[Round "4"]
[White "Grant, Jonathan"]
[Black "Gibeon, David"]
[Result "0-1"]
[WhiteElo "2275"]
[BlackElo "2075"]
[PlyCount "114"]
[EventDate "1995.10.07"]
[EventType "swiss"]
[EventRounds "9"]
[EventCountry "IOM"]
[SourceTitle "BritBase"]

1. c4 g6 2. Nc3 Bg7 3. g3 e5 4. Bg2 f5 5. d3 Nf6 6. e4 d6 7. Nge2 Nc6 8. O-O
O-O 9. exf5 Bxf5 10. h3 Be6 11. Nd5 Qd7 12. Kh2 Rae8 13. Be3 Nd8 14. Qd2 c6 15.
Nxf6+ Bxf6 16. Rae1 d5 17. cxd5 Bxd5 18. Bxd5+ Qxd5 19. Nc3 Qa5 20. Bh6 Bg7 21.
Bxg7 Kxg7 22. d4 e4 23. d5 cxd5 24. Qd4+ Kg8 25. Nxd5 Nc6 26. Qd1 Rd8 27. Rxe4
Qxd5 28. Qxd5+ Rxd5 29. Kg2 Rd2 30. b4 Rxa2 31. b5 Nd8 32. h4 Rb2 33. Ra4 Rxb5
34. Rxa7 Nc6 35. Ra2 Rb3 36. Rd1 Rbf3 37. Rd7 R8f7 38. Rd5 Nb4 39. Rd8+ Kg7 40.
Rb2 Nd3 41. Re2 Rxf2+ 42. Rxf2 Nxf2 43. Rd5 Ng4 44. Rb5 Ne3+ 45. Kg1 Nc4 46. h5
b6 47. hxg6 hxg6 48. Rb4 Rc7 49. Kf2 Kf6 50. Ke2 Ke5 51. Kf3 Kd4 52. Kf4 Kc3
53. Rb1 Rc5 54. g4 g5+ 55. Kg3 b5 56. Kf2 b4 57. Ke2 Re5+ 0-1

[Event "Monarch Assurance Isle of Man 4th"]
[Site "Port Erin IOM"]
[Date "1995.10.10"]
[Round "4"]
[White "Hartman, Christer"]
[Black "Moskovic, David"]
[Result "1-0"]
[WhiteElo "2345"]
[BlackElo "2165"]
[PlyCount "101"]
[EventDate "1995.10.07"]
[EventType "swiss"]
[EventRounds "9"]
[EventCountry "IOM"]
[SourceTitle "BritBase"]

1. e4 d5 2. exd5 Nf6 3. d4 Nxd5 4. Nf3 Bg4 5. Be2 e6 6. h3 Bxf3 7. Bxf3 c6 8.
O-O Be7 9. c4 Nb6 10. b3 O-O 11. a4 a5 12. Bb2 Re8 13. Bc3 Bf6 14. Ra2 N8d7 15.
Re1 Nf8 16. Rae2 Nbd7 17. Qc2 Qc7 18. Nd2 Rec8 19. Ne4 Bd8 20. Qb2 Nf6 21. Nc5
b6 22. Nd3 Ng6 23. g3 Rab8 24. h4 h5 25. b4 b5 26. Nc5 axb4 27. Bxb4 Qa7 28.
axb5 cxb5 29. Ra1 Qb6 30. Ba5 Qd6 31. Nb7 Rxb7 32. Bxb7 Rb8 33. c5 Qe7 34. Bxd8
Qxd8 35. Bf3 Ne7 36. Rc2 Ned5 37. c6 Qc7 38. Rc5 b4 39. Qb3 Rb6 40. Ra8+ Kh7
41. Ra6 Rb8 42. Rca5 Rd8 43. Ra7 Qxc6 44. Rxf7 Qc1+ 45. Kg2 Qd2 46. Raa7 Rg8
47. Qb1+ Kh6 48. Bxd5 Nxd5 49. Qe4 b3 50. Qxe6+ Nf6 51. Rxf6+ 1-0

[Event "Monarch Assurance Isle of Man 4th"]
[Site "Port Erin IOM"]
[Date "1995.10.10"]
[Round "4"]
[White "Howell, James C"]
[Black "O'Shaughnessy, Conor"]
[Result "1-0"]
[WhiteElo "2525"]
[BlackElo "2230"]
[PlyCount "59"]
[EventDate "1995.10.07"]
[EventType "swiss"]
[EventRounds "9"]
[EventCountry "IOM"]
[SourceTitle "BritBase"]

1. e4 c5 2. c3 Nf6 3. e5 Nd5 4. Nf3 e6 5. Bc4 d6 6. d4 Nc6 7. O-O Be7 8. Qe2
Nb6 9. Bb3 cxd4 10. cxd4 d5 11. Nc3 Bd7 12. Bf4 Na5 13. Bc2 Nbc4 14. Bd3 a6 15.
Rac1 b5 16. b3 Na3 17. Nxd5 exd5 18. e6 Bxe6 19. Bc7 Nxb3 20. axb3 Qc8 21. Be5
Qd7 22. Bxg7 Rg8 23. Be5 Bh3 24. Bg3 Bg4 25. Rfe1 Ra7 26. h3 Be6 27. Ne5 Qb7
28. Nc6 Ra8 29. Qh5 Kd7 30. Nxe7 1-0

[Event "Monarch Assurance Isle of Man 4th"]
[Site "Port Erin IOM"]
[Date "1995.10.10"]
[Round "4"]
[White "Lalic, Susan"]
[Black "Baburin, Alexander"]
[Result "0-1"]
[WhiteElo "2315"]
[BlackElo "2495"]
[PlyCount "100"]
[EventDate "1995.10.07"]
[EventType "swiss"]
[EventRounds "9"]
[EventCountry "IOM"]
[SourceTitle "BritBase"]

1. e4 Nf6 2. Nc3 d5 3. e5 Nfd7 4. f4 c5 5. Nf3 Nc6 6. d4 cxd4 7. Nb5 Nc5 8.
Nbxd4 Bg4 9. c3 e6 10. Be2 Be7 11. O-O O-O 12. Nxc6 bxc6 13. Nd4 Bxe2 14. Qxe2
Qe8 15. f5 exf5 16. Nxf5 Ne4 17. Qg4 Bc5+ 18. Kh1 Qxe5 19. Bf4 Qf6 20. b4 Bxb4
21. Be3 Qg6 22. Qh4 Bd6 23. Bf4 Kh8 24. Bxd6 Nxd6 25. Ne7 Qe6 26. Nxc6 Nf5 27.
Qf4 Qxc6 28. Qxf5 Rfd8 29. Rad1 Qxc3 30. Rxd5 Rxd5 31. Qxd5 Kg8 32. Qf3 Qxf3
33. gxf3 Rc8 34. Rd1 g6 35. Rd2 Kg7 36. Kg2 Rc3 37. a4 Rc4 38. a5 Rc5 39. a6
Rc6 40. Ra2 Kf6 41. Kg3 Ke5 42. f4+ Kd6 43. h4 h5 44. f5 Kc7 45. fxg6 fxg6 46.
Kf4 Kb6 47. Ke5 Kb5 48. Kd5 Rf6 49. Ra1 Rf4 50. Rb1+ Kxa6 0-1

[Event "Monarch Assurance Isle of Man 4th"]
[Site "Port Erin IOM"]
[Date "1995.10.10"]
[Round "4"]
[White "Martinovsky, Eugene"]
[Black "Wilman, Carey"]
[Result "1-0"]
[WhiteElo "2305"]
[BlackElo "2080"]
[PlyCount "123"]
[EventDate "1995.10.07"]
[EventType "swiss"]
[EventRounds "9"]
[EventCountry "IOM"]
[SourceTitle "BritBase"]

1. d4 Nf6 2. Nf3 g6 3. g3 Bg7 4. Bg2 O-O 5. O-O d6 6. Nc3 Nbd7 7. e4 e5 8. Re1
c6 9. a4 a5 10. h3 Rb8 11. b3 Qc7 12. dxe5 dxe5 13. Ba3 c5 14. Nb5 Qc6 15. Bb2
Ne8 16. Qd3 Ra8 17. Rad1 Nc7 18. Nd6 Nb6 19. Nxe5 Bxe5 20. Bxe5 f6 21. Bxf6 c4
22. Qc3 cxb3 23. Qxc6 bxc6 24. Be7 b2 25. Bxf8 Kxf8 26. e5 Ncd5 27. Bxd5 cxd5
28. e6 Ke7 29. Nb5 Bb7 30. Rd4 Bc6 31. Rf4 Bxb5 32. Rf7+ Kd6 33. axb5 a4 34.
Rb7 Nc8 35. b6 Kc6 36. e7 Nd6 37. Rc7+ Kxb6 38. Rc3 Re8 39. Rb1 Nc4 40. Rxc4
dxc4 41. Rxb2+ Kc5 42. Rb7 Kd4 43. f4 Kc3 44. g4 Kd4 45. Kf2 a3 46. Ra7 a2 47.
Rxa2 Rxe7 48. Ra3 Rf7 49. Kf3 Kd5 50. Re3 Kd6 51. Ke4 h5 52. gxh5 gxh5 53. Kf3
Rf5 54. Ra3 Rc5 55. Ke4 Ke6 56. Ra6+ Kf7 57. f5 Kg7 58. Kf4 Rc7 59. Kg5 Rc5 60.
Ra7+ Kf8 61. Kg6 Rc8 62. f6 1-0

[Event "Monarch Assurance Isle of Man 4th"]
[Site "Port Erin IOM"]
[Date "1995.10.10"]
[Round "4"]
[White "O'Donovan, Richard"]
[Black "Sher, Miron N"]
[Result "0-1"]
[WhiteElo "2230"]
[BlackElo "2510"]
[PlyCount "82"]
[EventDate "1995.10.07"]
[EventType "swiss"]
[EventRounds "9"]
[EventCountry "IOM"]
[SourceTitle "BritBase"]

1. e4 c5 2. Nf3 d6 3. d4 Nf6 4. Nc3 cxd4 5. Nxd4 Nc6 6. Be2 e5 7. Nb3 Be7 8.
O-O O-O 9. Kh1 a5 10. a4 Nb4 11. f4 Bd7 12. Be3 Qc7 13. Rc1 Bc6 14. Nd2 d5 15.
fxe5 Nxe4 16. Ndxe4 dxe4 17. Bf4 Rad8 18. Qe1 Nd5 19. Nxd5 Bxd5 20. Qg3 Kh8 21.
e6 Qc6 22. exf7 Rxf7 23. Bb5 Qe6 24. Bc7 Rxf1+ 25. Rxf1 Rc8 26. c3 Bf6 27. Re1
b6 28. Bf4 Bc4 29. Bxc4 Rxc4 30. Be3 h6 31. h3 Kh7 32. Qf2 Rc6 33. Bd4 Bxd4 34.
Qxd4 Rc4 35. Qd1 Kg8 36. Qc2 e3 37. Re2 Rf4 38. b3 Rf1+ 39. Kh2 Qe5+ 40. g3 Rf3
41. Qd3 Qxg3+ 0-1

[Event "Monarch Assurance Isle of Man 4th"]
[Site "Port Erin IOM"]
[Date "1995.10.10"]
[Round "4"]
[White "Pliester, Leon"]
[Black "Rosten, Oliver"]
[Result "1-0"]
[WhiteElo "2375"]
[BlackElo "2190"]
[PlyCount "47"]
[EventDate "1995.10.07"]
[EventType "swiss"]
[EventRounds "9"]
[EventCountry "IOM"]
[SourceTitle "BritBase"]

1. d4 e6 2. c4 Nf6 3. Nc3 Bb4 4. e3 c5 5. Bd3 Nc6 6. Nf3 d6 7. O-O O-O 8. d5
Bxc3 9. bxc3 Ne7 10. e4 e5 11. Nh4 h6 12. Rb1 Rb8 13. Qf3 Kh7 14. h3 Ng6 15.
Nf5 Ng8 16. g4 Nh4 17. Qg3 Nxf5 18. exf5 f6 19. f4 Qe8 20. fxe5 dxe5 21. Be3
Qe7 22. Rb5 a6 23. Bxc5 Qc7 24. Bb6 1-0

[Event "Monarch Assurance Isle of Man 4th"]
[Site "Port Erin IOM"]
[Date "1995.10.10"]
[Round "4"]
[White "Spanton, Timothy"]
[Black "Bisby, Daniel L"]
[Result "1-0"]
[WhiteElo "2060"]
[BlackElo "2120"]
[PlyCount "119"]
[EventDate "1995.10.07"]
[EventType "swiss"]
[EventRounds "9"]
[EventCountry "IOM"]
[SourceTitle "BritBase"]

1. e4 d6 2. Nc3 Nf6 3. Nf3 c5 4. d4 cxd4 5. Nxd4 Nc6 6. Nde2 e6 7. g3 Be7 8.
Bg2 O-O 9. O-O a6 10. h3 Qc7 11. a4 b6 12. Be3 Bb7 13. f4 Na5 14. b3 Rfd8 15.
Qd4 Nd7 16. Rad1 Rac8 17. g4 Bf6 18. Qxd6 Qxd6 19. Rxd6 Be7 20. Rd3 Nc5 21.
Rxd8+ Rxd8 22. Bf2 Nc6 23. e5 Rd2 24. Rc1 g5 25. Be3 Rd7 26. Rd1 Rxd1+ 27. Nxd1
gxf4 28. Bxf4 Nb4 29. Nd4 Bxg2 30. Kxg2 Nd5 31. Kf3 Bd8 32. Ne3 Nxf4 33. Kxf4
Bc7 34. g5 Kg7 35. Ng4 Nd7 36. Nc6 Nf8 37. Nf6 Ng6+ 38. Ke4 Kf8 39. Nxh7+ Kg7
40. Nf6 Kf8 41. c3 b5 42. Nd7+ Ke8 43. Nc5 bxa4 44. bxa4 a5 45. Nd3 Kd7 46. Nd4
Ke8 47. Nf3 Ne7 48. c4 Nc8 49. h4 Nb6 50. Nb2 Bd8 51. c5 Nd5 52. Kd4 Kf8 53.
Nc4 Kg7 54. Nd6 Kg6 55. Ne8 Kh5 56. Nf6+ Nxf6 57. gxf6 Kg4 58. Ng5 Kxh4 59.
Nxf7 Kh5 60. Nxd8 1-0

[Event "Monarch Assurance Isle of Man 4th"]
[Site "Port Erin IOM"]
[Date "1995.10.10"]
[Round "4"]
[White "Stuart, E Leslie"]
[Black "Tolhuizen, Ludo"]
[Result "1-0"]
[WhiteElo "2080"]
[BlackElo "2255"]
[PlyCount "103"]
[EventDate "1995.10.07"]
[EventType "swiss"]
[EventRounds "9"]
[EventCountry "IOM"]
[SourceTitle "BritBase"]

1. d4 d6 2. e4 Nf6 3. Bd3 e5 4. Ne2 Nc6 5. c3 g6 6. O-O Bg7 7. Bg5 h6 8. Bd2
O-O 9. Na3 d5 10. exd5 Nxd5 11. Nc2 exd4 12. Nexd4 Ne5 13. Be2 Nb6 14. Ne3 c5
15. Nf3 Nd3 16. a4 Nf4 17. a5 Nxe2+ 18. Qxe2 Nd5 19. Qc4 Nf6 20. Rfd1 Qe7 21.
Re1 Be6 22. Qf4 Rfd8 23. Nc4 Nd5 24. Qg3 Qf6 25. Nce5 Ne7 26. Ng4 Bxg4 27. Qxg4
Nc6 28. Qc4 Bf8 29. Qb5 a6 30. Qe2 Kh7 31. Ra4 Bd6 32. Rh4 Re8 33. Rxh6+ Kg7
34. Qxe8 Rxe8 35. Rxe8 Bf4 36. Rhh8 Ne7 37. Be1 c4 38. h3 Qd6 39. Rd8 Qe6 40.
Rhe8 Bc7 41. Rd2 Bf4 42. Rd1 Bd6 43. Rd8 Bc5 44. R8d2 Nc6 45. Kf1 Nxa5 46. Re2
Qf5 47. Re5 Qc8 48. Bd2 Nb3 49. Bf4 f6 50. Red5 Be7 51. Rd7 Kf8 52. Nh4 1-0

[Event "Monarch Assurance Isle of Man 4th"]
[Site "Port Erin IOM"]
[Date "1995.10.10"]
[Round "4"]
[White "Van Mil, Johannes A J"]
[Black "Stohl, Igor"]
[Result "1/2-1/2"]
[WhiteElo "2435"]
[BlackElo "2525"]
[PlyCount "37"]
[EventDate "1995.10.07"]
[EventType "swiss"]
[EventRounds "9"]
[EventCountry "IOM"]
[SourceTitle "BritBase"]

1. e4 c6 2. d4 d5 3. Nd2 dxe4 4. Nxe4 Nd7 5. Nf3 Ngf6 6. Nxf6+ Nxf6 7. h3 Bf5
8. Bd3 Bxd3 9. Qxd3 e6 10. O-O Be7 11. Bf4 O-O 12. c4 Qb6 13. Rfe1 Rad8 14. Qc2
Rfe8 15. Re3 c5 16. Rb3 Qc6 17. Ne5 Qc8 18. dxc5 Bxc5 19. Re1 1/2-1/2

[Event "Monarch Assurance Isle of Man 4th"]
[Site "Port Erin IOM"]
[Date "1995.10.10"]
[Round "4"]
[White "Welling, Gerard"]
[Black "Hebden, Mark"]
[Result "1/2-1/2"]
[WhiteElo "2415"]
[BlackElo "2570"]
[PlyCount "146"]
[EventDate "1995.10.07"]
[EventType "swiss"]
[EventRounds "9"]
[EventCountry "IOM"]
[SourceTitle "BritBase"]

1. e4 d5 2. exd5 Nf6 3. Bb5+ Nbd7 4. Nc3 a6 5. Be2 Nb6 6. Nf3 Nbxd5 7. Nxd5
Nxd5 8. d4 g6 9. O-O Bg7 10. c4 Nf6 11. Bf4 O-O 12. h3 c6 13. Qc1 Bf5 14. Qe3
Qb6 15. Bd3 Bxd3 16. Qxd3 Rfd8 17. Qc2 Nh5 18. Be3 Qc7 19. Rad1 Rd7 20. Rfe1
Rad8 21. Qb3 b5 22. a4 Qb8 23. axb5 axb5 24. Rc1 e6 25. Bg5 bxc4 26. Qxc4 Bf6
27. Bxf6 Nxf6 28. Qe2 Qb5 29. Qe5 Kg7 30. Rc5 Qxb2 31. Rxc6 Rd5 32. Qe2 Qxe2
33. Rxe2 Rf5 34. Re3 Nd5 35. Rb3 Nf4 36. Rc2 h5 37. h4 Nd5 38. Ng5 Rd7 39. Rcb2
Ne7 40. Rb7 Rfd5 41. Nf3 f6 42. R2b6 Kf7 43. g3 Nf5 44. Rxd7+ Rxd7 45. Rb4 Ke7
46. Kg2 Nd6 47. Ng1 Nf5 48. Nf3 Ra7 49. Rb2 Nd6 50. Ng1 Ra3 51. Nh3 Ra4 52. Nf4
g5 53. hxg5 fxg5 54. Nxh5 Rxd4 55. f3 Nc4 56. Rb7+ Kd6 57. Nf6 Kc6 58. Re7 e5
59. Rg7 Rd2+ 60. Kh3 Rf2 61. Kg4 Ne3+ 62. Kxg5 Rxf3 63. g4 Nd5 64. Nxd5 Kxd5
65. Kh5 Ke6 66. g5 e4 67. Kg4 Rf1 68. Ra7 Ke5 69. Ra5+ Kd4 70. Ra4+ Ke5 71. Ra8
Kd4 72. Ra4+ Ke5 73. Ra5+ Kd4 1/2-1/2

[Event "Monarch Assurance Isle of Man 4th"]
[Site "Port Erin IOM"]
[Date "1995.10.10"]
[Round "4"]
[White "Wells, Peter K"]
[Black "Hansen, Soren Bech"]
[Result "1/2-1/2"]
[WhiteElo "2545"]
[BlackElo "2295"]
[PlyCount "87"]
[EventDate "1995.10.07"]
[EventType "swiss"]
[EventRounds "9"]
[EventCountry "IOM"]
[SourceTitle "BritBase"]

1. d4 f5 2. g3 Nf6 3. Bg2 g6 4. Nf3 Bg7 5. O-O O-O 6. c4 d6 7. Nc3 Qe8 8. d5 a5
9. Nd4 Na6 10. b3 Bd7 11. Bb2 c6 12. e3 Nc7 13. dxc6 bxc6 14. Nde2 Ne4 15. Rb1
Nxc3 16. Bxc3 Bxc3 17. Nxc3 Ne6 18. Na4 Qd8 19. Qd2 Qc7 20. f4 Rab8 21. Rfe1
Qa7 22. h4 Ng7 23. c5 d5 24. Nb6 Be6 25. Qc3 Nh5 26. Bf3 Nxg3 27. Qe5 Kf7 28.
Kf2 Ne4+ 29. Bxe4 dxe4 30. h5 Rg8 31. Rh1 g5 32. fxg5 Rxg5 33. Rbg1 Rbg8 34.
Rxg5 Rxg5 35. h6 Qa6 36. Rg1 Rxg1 37. Kxg1 Qe2 38. Qg7+ Ke8 39. Qh8+ Kf7 40.
Qg7+ Ke8 41. Qh8+ Kf7 42. Qxh7+ Ke8 43. Qg6+ Kd8 44. Qxe6 1/2-1/2

[Event "Monarch Assurance Isle of Man 4th"]
[Site "Port Erin IOM"]
[Date "1995.10.11"]
[Round "5"]
[White "Anderton, David W"]
[Black "Coull, Alison"]
[Result "1/2-1/2"]
[WhiteElo "2215"]
[BlackElo "2115"]
[PlyCount "67"]
[EventDate "1995.10.07"]
[EventType "swiss"]
[EventRounds "9"]
[EventCountry "IOM"]
[SourceTitle "BritBase"]

1. d4 Nf6 2. c4 c5 3. d5 g6 4. Nc3 d6 5. g3 Bg7 6. Bg2 O-O 7. Nf3 e6 8. O-O
exd5 9. cxd5 a6 10. a4 Nbd7 11. h3 Re8 12. Nd2 Rb8 13. Nc4 Ne5 14. Nxe5 Rxe5
15. Bf4 Re8 16. a5 Nh5 17. Bd2 f5 18. e3 Bd7 19. Qc2 b5 20. axb6 Qxb6 21. Rfb1
Bb5 22. Ra3 Nf6 23. b3 Qd8 24. Bc1 Nd7 25. Bb2 Ne5 26. Nxb5 axb5 27. Ra7 Bf6
28. Rba1 c4 29. Bd4 cxb3 30. Qxb3 Nc4 31. Qc3 Bxd4 32. Qxd4 Re7 33. f4 Reb7 34.
Rxb7 1/2-1/2

[Event "Monarch Assurance Isle of Man 4th"]
[Site "Port Erin IOM"]
[Date "1995.10.11"]
[Round "5"]
[White "Bisby, Daniel L"]
[Black "Connolly, Suzanne"]
[Result "1-0"]
[WhiteElo "2120"]
[BlackElo "2030"]
[PlyCount "69"]
[EventDate "1995.10.07"]
[EventType "swiss"]
[EventRounds "9"]
[EventCountry "IOM"]
[SourceTitle "BritBase"]

1. c4 e5 2. Nc3 Bb4 3. Nd5 Be7 4. d4 d6 5. Nxe7 Qxe7 6. g3 Nf6 7. Bg2 c6 8. Nf3
e4 9. Nd2 Bf5 10. Nf1 Nbd7 11. Ne3 Bg6 12. b3 O-O 13. Ba3 Ne8 14. Qd2 a5 15. f4
exf3 16. exf3 Ndf6 17. O-O Nc7 18. Bh3 Rfe8 19. Rfe1 Qd8 20. d5 c5 21. Bb2 a4
22. Rad1 axb3 23. axb3 Na6 24. Nf5 Bxf5 25. Bxf5 Nb4 26. Rxe8+ Nxe8 27. Re1 Nf6
28. Qf4 Ne8 29. Bb1 Rb8 30. Qe4 g6 31. Qf4 f5 32. Qh6 Qd7 33. Re6 Qf7 34. Qe3
Rd8 35. Re7 1-0

[Event "Monarch Assurance Isle of Man 4th"]
[Site "Port Erin IOM"]
[Date "1995.10.11"]
[Round "5"]
[White "Conlon, Joseph P"]
[Black "O'Donovan, Richard"]
[Result "1/2-1/2"]
[WhiteElo "2040"]
[BlackElo "2230"]
[PlyCount "46"]
[EventDate "1995.10.07"]
[EventType "swiss"]
[EventRounds "9"]
[EventCountry "IOM"]
[SourceTitle "BritBase"]

1. e4 c5 2. Nf3 Nc6 3. d4 cxd4 4. Nxd4 e5 5. Nb5 d6 6. N1c3 a6 7. Na3 Nf6 8.
Bg5 b5 9. Nd5 Qa5+ 10. Bd2 Qd8 11. Bg5 Be7 12. Bxf6 Bxf6 13. c3 O-O 14. Nc2 Rb8
15. Bd3 Be6 16. O-O Bg5 17. Nce3 Bxe3 18. Nxe3 Ne7 19. Qe2 Ng6 20. g3 Bh3 21.
Rfd1 Qg5 22. Kh1 h5 23. Qd2 Rfd8 1/2-1/2

[Event "Monarch Assurance Isle of Man 4th"]
[Site "Port Erin IOM"]
[Date "1995.10.11"]
[Round "5"]
[White "De Coverly, Roger"]
[Black "Stuart, E Leslie"]
[Result "1/2-1/2"]
[WhiteElo "2105"]
[BlackElo "2080"]
[PlyCount "102"]
[EventDate "1995.10.07"]
[EventType "swiss"]
[EventRounds "9"]
[EventCountry "IOM"]
[SourceTitle "BritBase"]

1. e4 c5 2. Nf3 e6 3. d3 Nc6 4. g3 Nf6 5. Bg2 Be7 6. O-O O-O 7. Re1 b5 8. Nbd2
Bb7 9. Nf1 Nd4 10. h4 Nxf3+ 11. Bxf3 Ne8 12. Ne3 Qb6 13. a4 bxa4 14. Nc4 Qd8
15. Bd2 Bc6 16. e5 Bxf3 17. Qxf3 f6 18. Qg2 fxe5 19. Nxe5 Nd6 20. Rxa4 Bf6 21.
Bc3 Nb5 22. Qb7 Nxc3 23. bxc3 Bxe5 24. Rxe5 Qf6 25. Re2 Rab8 26. Qe4 Rb1+ 27.
Kg2 Qxc3 28. Rxa7 Qb2 29. Ra8 Rxa8 30. Qxa8+ Kf7 31. Qf3+ Ke7 32. Qe3 Qb7+ 33.
f3 Qd5 34. Qg5+ Qxg5 35. hxg5 Rb2 36. Kf2 Kf7 37. Ke3 d6 38. Kd2 Rb1 39. Re4
Rg1 40. Rg4 Rg2+ 41. Kc3 e5 42. Kb3 Ke6 43. c3 Kf5 44. Kc4 Rf2 45. Rh4 Rxf3 46.
Rxh7 Kg6 47. Rh8 Kf7 48. Rd8 Ke7 49. Rg8 Kf7 50. Rd8 Ke6 51. Re8+ Kf7 1/2-1/2

[Event "Monarch Assurance Isle of Man 4th"]
[Site "Port Erin IOM"]
[Date "1995.10.11"]
[Round "5"]
[White "Gibeon, David"]
[Black "Welling, Gerard"]
[Result "0-1"]
[WhiteElo "2075"]
[BlackElo "2415"]
[PlyCount "24"]
[EventDate "1995.10.07"]
[EventType "swiss"]
[EventRounds "9"]
[EventCountry "IOM"]
[SourceTitle "BritBase"]

1. Nf3 d6 2. d4 Bg4 3. e3 Nd7 4. Nbd2 e5 5. Be2 Be7 6. c4 Ngf6 7. O-O a5 8. b3
c6 9. Qc2 O-O 10. c5 dxc5 11. dxc5 Bxc5 12. Nxe5 Bxe2 0-1

[Event "Monarch Assurance Isle of Man 4th"]
[Site "Port Erin IOM"]
[Date "1995.10.11"]
[Round "5"]
[White "Hansen, Soren Bech"]
[Black "Van Mil, Johannes A J"]
[Result "0-1"]
[WhiteElo "2295"]
[BlackElo "2435"]
[PlyCount "120"]
[EventDate "1995.10.07"]
[EventType "swiss"]
[EventRounds "9"]
[EventCountry "IOM"]
[SourceTitle "BritBase"]

1. e4 c6 2. d4 d5 3. Nc3 g6 4. h3 Bg7 5. Nf3 Nh6 6. Bf4 f6 7. Qd2 Nf7 8. Bh2
O-O 9. Be2 e6 10. O-O Nd7 11. Rfe1 b5 12. exd5 exd5 13. Bd3 Nb6 14. b3 Bh6 15.
Qe2 Bd7 16. Qf1 Nc8 17. Ne2 Ncd6 18. Nf4 f5 19. c4 bxc4 20. bxc4 Qa5 21. Ne5
Nxe5 22. dxe5 Ne4 23. Qe2 Kh8 24. e6 Be8 25. f3 Qc5+ 26. Qe3 Qxe3+ 27. Rxe3 Bg7
28. Rae1 g5 29. e7 Rf6 30. fxe4 gxf4 31. e5 fxe3 32. exf6 Bxf6 33. Rxe3 Kg8 34.
Re1 Kf7 35. cxd5 cxd5 36. Bd6 Bd7 37. g4 fxg4 38. hxg4 Rg8 39. Kh2 Rxg4 40. Bf5
Rh4+ 41. Kg3 Be8 42. Be6+ Kg7 43. Rb1 d4 44. Rb8 Re4 45. Rxe8 Rxe6 46. Bb4 a5
47. Ra8 Bxe7 48. Bxe7 Rxe7 49. Rxa5 Rd7 50. Kf2 Kg6 51. Ke2 h5 52. Kd3 h4 53.
Ra8 h3 54. Rh8 Rh7 55. Rg8+ Kf5 56. Rg1 h2 57. Rh1 Rh4 58. a4 Kf4 59. a5 Kg3
60. a6 Rh6 0-1